Statistics for Guess the Taylor Swift song with no hint 79

Click here to take the quiz!

General Stats

  • This quiz has been taken 350 times
  • The average score is 248 of 286

Answer Stats

Answer% Correct
I
100%
a
99%
the
99%
in
98%
You
98%
you
98%
it
97%
on
97%
we
97%
and
96%
And
96%
is
96%
me"
96%
to
96%
Your
96%
your
96%
Love
95%
My
95%
my
95%
So
95%
so
95%
That
95%
that
95%
they
95%
"This
95%
this
95%
you're
95%
You're
95%
No
94%
no
94%
for
93%
go
93%
of
93%
One
93%
it's
92%
What
92%
Don't
91%
don't
91%
know
91%
say
91%
"She
91%
was
91%
But
90%
not
90%
said
90%
there
90%
all
89%
could
89%
just
89%
How
88%
Champagne
87%
champagne
87%
have
87%
Her
87%
Never
87%
never
87%
Now
87%
out
87%
problems
87%
she's
87%
head"
86%
show
86%
think
86%
up
86%
friends
85%
made
85%
money
85%
night
85%
our
85%
their
85%
thing
85%
two
85%
hand
84%
reason
84%
"Well
84%
we'll
84%
With
84%
you'll
84%
dancing
83%
had
83%
couldn't
82%
fucked
82%
heart
82%
shame
82%
train
82%
watch
82%
while
82%
would've
82%
again
81%
Because
81%
bride
81%
dropped
81%
Left
81%
lovely
81%
once
81%
sit
81%
standing
81%
such
81%
keep
80%
picture
80%
pocket
80%
ready
80%
real
80%
Sometimes
80%
soon
80%
they'll
80%
told
80%
wallet
80%
answer
79%
door
79%
find
79%
instead
79%
knees
79%
leave
79%
or
79%
ring
79%
walked
79%
booked
78%
family
78%
group
78%
mom's
78%
one's
78%
remember
78%
She'll
78%
someone's
78%
through
78%
which
78%
won't
78%
word
78%
asks
77%
give
77%
glass
77%
joke
77%
madhouse"
77%
nerve
77%
shred
77%
sure
77%
touch
77%
worse
77%
evergreen
76%
sister
76%
'Til
76%
celebrating
75%
Chevy
75%
crowd
75%
dorm
75%
flush
75%
halls
75%
hurt
75%
silent
75%
sleepers
75%
tapestry
75%
bottle
74%
called
74%
deck
74%
hold
74%
landing
74%
Midas
74%
November
74%
patch
74%
splashed
74%
cure
73%
flannel
73%
speech
73%
speechless
73%
Crestfallen
72%
hometown
72%
crowds
71%
applauded
70%
skeptics
70%
brought
69%
beyond
68%
Bustling
67%
reaches
67%
Dom
66%
Pérignon
64%
slipped
60%

Score Distribution

Percentile by Number Answered

Percent of People with Each Score

Your Score History

You have not taken this quiz